000
00276nam a2200121Ia 4500
008
190216s9999||||xx |||||||||||||| ||und||
100
_a
Tandom B N
245
0
_a
Economic Planning
260
_b
S Chand & Co
_c
1986
300
_a
542p
650
_a
Economic Planning
942
_c
BK
999
_c
9330
_d
9330